000 00470nam a2200157Ia 4500
008 160316s2009 xxu||||| |||| 00| 0 eng d
082 _a340.070000
_bPIL
100 _aPillard Cornelia
245 _aWhy Transnational Legal Education?
250 _a
260 _aLondon
_bCenter for transnational legal Studies
_c2009
300 _a32
_b
_c
365 _b
650 _a1. Legal Education 2. Legal Studies 3. European Experience
700 _aBiondi Andrea
_aRittich Kerry
999 _c34366
_d34366